Les cent nouvelles nouvelles (Record no. 153059)
[ view plain ]
| 000 -LEADER | |
|---|---|
| campo de control de longitud fija | 00657nam a22001695i 4500 |
| 001 - NÚMERO DE CONTROL | |
| campo de control | 153059 |
| 003 - IDENTIFICADOR DE NÚMERO DE CONTROL | |
| campo de control | ES-MaACL |
| 005 - FECHA Y HORA DE LA ÚLTIMA TRANSACCIÓN | |
| campo de control | 20230906205014.0 |
| 008 - DATOS DE LONGITUD FIJA--INFORMACIÓN GENERAL | |
| campo de control de longitud fija | 041015s1884 fr |||| | fre d |
| 040 ## - FUENTE DE CATALOGACIÓN | |
| Centro catalogador/agencia de origen | CAM |
| Lengua de catalogación | spa |
| Centro/agencia transcriptor | CAM |
| 245 04 - MENCIÓN DEL TÍTULO | |
| Título | Les cent nouvelles nouvelles |
| Resto del título | : dites les cent nouvelles du roi Louis XI. |
| 250 ## - MENCION DE EDICION | |
| Mención de edición | Ed. revue sur l'edition originale, avec des notes et une introduction par Paul Lacroix, bibliophile Jacob. |
| 260 ## - PUBLICACIÓN, DISTRIBUCIÓN, ETC. | |
| Lugar de publicación, distribución, etc. | Paris : |
| Nombre del editor, distribuidor, etc. | G. Charpentier et c\pe\s éditeurs, |
| Fecha de publicación, distribución, etc. | 1884 ( |
| Fabricante | Imp. Tolmer et c\pie\s) |
| 300 ## - DESCRIPCIÓN FÍSICA | |
| Extensión | XXIII, 392 p. ; |
| Dimensiones | 19 cm. |
| 700 1# - ENTRADA AGREGADA--NOMBRE PERSONAL | |
| Nombre de persona | Lacroix, Paul ( |
| Fechas asociadas al nombre | 1806-1884) |
| 9 (RLIN) | 69408 |
| 852 ## - LOCALIZACIÓN | |
| Ubicación | ES-MaACL |
| Número de control de estantería | D-1508 |
| Nota libre | -- Rust. |
| Estatus retirado | Estado de pérdida | Estado de daño | No para préstamo | Colección | Biblioteca de origen | Biblioteca actual | Ubicación en estantería | Fecha de adquisición | Fuente de adquisición | Total de préstamos | Signatura topográfica completa | Código de barras | Visto por última vez | Precio de reemplazo | Tipo de ítem Koha |
|---|---|---|---|---|---|---|---|---|---|---|---|---|---|---|---|
| Libros del s. XIX | Biblioteca del Ateneo de Madrid | Biblioteca del Ateneo de Madrid | Sala Valle Inclán | 17/01/2008 | D-1508 | 901159907 | 23/02/2023 | 23/02/2023 | Libro impreso antiguo |
